| 000 | 00578nam a2200205 a 4500 | ||
|---|---|---|---|
| 001 | 000038871 | ||
| 003 | DO-SdBNP | ||
| 005 | 20230213134249.0 | ||
| 007 | ta | ||
| 008 | 130501s2007 dr 000 0 spa d | ||
| 040 |
_aDO-SdBNP _bspa _cBNPHU |
||
| 082 | 4 | _222 | |
| 100 | 1 |
_aCastor, Luesmil _955279 |
|
| 245 | 1 | 4 |
_aLas relaciones públicas del siglo XXI : _bpor un relacionismo crítico y humanizante / _cLuesmil Castor. |
| 250 | _a2a ed. | ||
| 260 |
_aSanto Domingo : _bDelfos , _c2007. |
||
| 300 |
_a90 p. : _b17 cm. |
||
| 590 | _aInventariado, 2023/BT | ||
| 942 |
_2ddc _cLBS1 |
||
| 999 |
_c38361 _d38361 |
||